3ème plus grande commune de chaque pays d'Europe - Carte Quiz - Statistiques

Statistiques générales
  • Ce quiz a été pris 29 fois
    18 depuis la dernière actualisation
  • Le résultat moyen est 17 sur 45
Réponses sur la Carte
Les réponses sont colorées sur une échelle allant du rouge au vert en fonction du pourcentage des utilisateurs qui les ont devinées à leur premier essai. Vous pouvez retrouver ces pourcentages ci-dessous.
 
Statistiques - réponses
Réponse % Correct
Lyon
94%
Aucune (Monaco)
82%
Aucune (Vatican)
82%
Glasgow
82%
Naples
82%
Valence
82%
Bâle
76%
Munich
76%
Saint-Marin
76%
Charleroi
71%
La Haye
71%
Malmö
71%
Nijni Novgorod (EUR)
59%
Aalborg
53%
Odessa
53%
Wrocław
53%
Linz
47%
Limerick
41%
Patras
41%
Trondheim
41%
Hafnarfjörður
35%
Ostrava
35%
Rijeka
35%
Encamp
29%
Tampere
29%
Varna
29%
Vila Nova de Gaia
29%
Ħal Qormi
24%
Differdange
18%
Narva
18%
Niš
18%
Prešov
18%
Iași
12%
Klaipėda
12%
Liepāja
12%
Miskolc
12%
Triesen
12%
Tuzla
12%
Bitola
6%
Gjilan
6%
Moguilev
6%
Pljevlja
6%
Bălți
0%
Elbasan
0%
Kranj
0%
Aucun quiz correspondant
Distribution des résultats
% des personnes avec chaque résultat
Percentile par nombre de réponses
Votre historique - résultats
Vous n’avez pas pris ce quiz depuis la dernière actualisation